| 000 | 00899nam a2200301 a 4500 | ||
|---|---|---|---|
| 001 | 74809 | ||
| 003 | BD-RjUL | ||
| 005 | 20211209082615.0 | ||
| 008 | 181208s1960 nyua b 000 0 eng | ||
| 035 | _aOCLC ocm00416578 from D971020M | ||
| 035 | _a(BD-RjUL)75027 | ||
| 040 |
_aDLC _cDLC _dCIM _dUKM _dNLM _dEQO _dBD-RjUL _beng |
||
| 041 | _aeng | ||
| 060 | 0 | 0 |
_aQV 744 _bB954m 1960 |
| 082 | 0 | 0 |
_223 _a615.7 _bBUM 19 |
| 100 | 1 |
_aBurger, Alfred, _d1905-2000 _9225687 |
|
| 245 | 1 | 0 |
_aMedicinal chemistry/ _cAlfred Burger |
| 260 |
_aNew York : _bInterscience Publishers, _c1960. |
||
| 300 |
_a642 p.[?] _billus. _c26 cm. |
||
| 504 | _aIncludes bibliography. | ||
| 650 | 0 |
_aPharmaceutical chemistry. _9225688 |
|
| 650 | 0 |
_aChemotherapy. _9225689 |
|
| 650 | 2 |
_aChemistry, Pharmaceutical _9225690 |
|
| 942 |
_2ddc _cBK |
||
| 999 |
_c74809 _d74809 |
||